Algorithms for communications systems and their applications -(E-BOOK) (Record no. 191345)

000 -LEADER
fixed length control field 01797 a2200253 4500
003 - CONTROL NUMBER IDENTIFIER
control field Nust
005 - DATE AND TIME OF LATEST TRANSACTION
control field 20170207154014.0
010 ## - LIBRARY OF CONGRESS CONTROL NUMBER
LC control number 2002028098
020 ## - INTERNATIONAL STANDARD BOOK NUMBER
International Standard Book Number 0470843896
040 ## - CATALOGING SOURCE
Transcribing agency Nust
082 00 - DEWEY DECIMAL CLASSIFICATION NUMBER
Classification number 621.3822
100 1# - MAIN ENTRY--PERSONAL NAME
Personal name Benvenuto, Nevio.
245 10 - TITLE STATEMENT
Title Algorithms for communications systems and their applications -(E-BOOK)
Statement of responsibility, etc. Nevio Benvenuto, Giovanni Cherubini.
260 ## - PUBLICATION, DISTRIBUTION, ETC.
Place of publication, distribution, etc. New York :
Name of publisher, distributor, etc. J. Wiley,
Date of publication, distribution, etc. 2002.
300 ## - PHYSICAL DESCRIPTION
Extent xxx, 1285 :
Other physical details ill. ;
Dimensions 25 cm.
505 ## - FORMATTED CONTENTS NOTE
Formatted contents note Ch1 Elements of Signal Theory (Page-1) Ch2 Wiener Filter & Linear Prediction (Page-129) Ch3 Adaptive Transversal Filters (Page-165) Ch4 Transmission Media (Page-255) Ch5 Digital Representation of Waveforms (Page-331) Ch6 Modulation Theory (Page-437) Ch7 Transmission over Dispersive Channels (Page-539) Ch8 Channel Equalization & Symbol Detection (Page-619) Ch9 Orthogonal Frequency Division Multiplexing (Page-753) Ch10 Spread Spectrum Systems (Page-795) Ch11 Channel Codes (Page-827) Ch12 Trellis Coded Modulation (Page-967) Ch13 Precoding & Coding Techniques for Dispersive Channels (Page-999) Ch14 Synchronization (Page-1027) Ch15 Self-Training Equalization (Page-1083) Ch16 Applications of Interference Cancellation (Page-1115) Ch17 Wired & Wireless Network Technologies (Page-1145) Ch18 Modulation Techniques for Wireless Systems (Page-1189) Ch19 Design of High Speed Transmission Systems over Unshielded Twisted Pair Cables (Page-1249)
650 #0 - SUBJECT ADDED ENTRY--TOPICAL TERM
Topical term or geographic name entry element Algorithms.
650 #0 - SUBJECT ADDED ENTRY--TOPICAL TERM
Topical term or geographic name entry element Signal processing
General subdivision Mathematics.
650 #0 - SUBJECT ADDED ENTRY--TOPICAL TERM
Topical term or geographic name entry element Telecommunication systems
General subdivision Mathematics.
651 ## - SUBJECT ADDED ENTRY--GEOGRAPHIC NAME
Geographic name E-BOOK
700 1# - ADDED ENTRY--PERSONAL NAME
Personal name Cherubini, Giovanni,
Dates associated with a name 1957-
856 42 - ELECTRONIC LOCATION AND ACCESS
Materials specified Publisher description
Uniform Resource Identifier <a href="http://www.loc.gov/catdir/description/wiley036/2002028098.html">http://www.loc.gov/catdir/description/wiley036/2002028098.html</a>
856 42 - ELECTRONIC LOCATION AND ACCESS
Materials specified Table of contents
Uniform Resource Identifier <a href="http://www.loc.gov/catdir/toc/wiley023/2002028098.html">http://www.loc.gov/catdir/toc/wiley023/2002028098.html</a>
942 ## - ADDED ENTRY ELEMENTS (KOHA)
Source of classification or shelving scheme
Koha item type Book
Holdings
Withdrawn status Lost status Source of classification or shelving scheme Damaged status Not for loan Collection code Permanent Location Current Location Date acquired Total Checkouts Full call number Barcode Date last seen Price effective from Koha item type
            Military College of Signals (MCS) Military College of Signals (MCS) 12/12/2016   621.3822 BEN MCSEB-100 12/08/2016 12/12/2016 Book
© 2023 Central Library, National University of Sciences and Technology. All Rights Reserved.